1164 1722 1083 1747 1604 1179 1820 1852 1969 1971 1167 1992 1371 1149 1215 1026 1319 1307 1129 1421 1725 1157 1153 1099 1786 1565 1635 1819 1169 1856 1389 1764 1630 1111 1124 1493 1134 1393 1660 1410 1562 1399 1531 1202 1186 1084 1940 1284 1919 1330 1929 1894 1474 1350 1779 1581 1735 1537 1198 1965 1797 1961 1897 1307 1641 1859 1460 1633 1038 1069 1743 1159 1631 1743 1436 1214 1756 1970 1419 1468 1914 1630 1079 1309 1245 1936 1028 1465 1791 1488 1916 1459 1876 1324 1706 1356 1119 1994 1248 BCNSPRNW ULIB Ver.6.0+V

เปลี่ยนเป็นภาษาไทย

Change to English
 แสดงรายละเอียดบรรณานุกรม
  กลับหน้าหลัก

Brief Record : Get Marc (ISO 2709) : E-mail record : QR code < ปิดหน้าต่าง
LEADER : 00000nam 2200000uu 4500
001    13399112406
003     ULIB
008    110810s||||||||th 000 0 tha d
020    9789741107681
040    brv
050  4 HJ2995^bช223ก 2550
100 0  ชลธาร วิศรุตวงศ์
245 10 การจัดเก็บภาษีสรรพสามิตบุหรี่ซิกาแรตเพื่อควบคุมการสูบบุหรี่ซิกาแรต /^cโดย ชลธาร วิศรุตวงศ์ ; กองบรรณาธิการ, อิศรา ศานติศาสน์ ... [และคนอื่นๆ]
250    พิมพ์ครั้งที่ 1
260    กรุงเทพฯ :^bศูนย์วิจัยและจัดการความรู้เพื่อการควบคุมยาสูบ(ศจย.),^c2550
300    xviii, 135 หน้า :^bภาพประกอบ ;^c25 ซม.
536    สนับสนุนโดย ศูนย์วิจัยและจัดการความรู้เพื่อการควบคุมยาสูบ(ศจย.), สำนักงานกองทุนสนับสนุนการสร้างเสริมสุขภาพ (สสส.)
650  4 การสูบบุหรี่^xวิจัย^xกฎหมายและระเบียบข้อบังคับ
650  4 ภาษีบุหรี่
650  4 วิจัย
650  4 การสูบบุหรี่^xวิจัย^xการป้องกันและควบคุม
650  4 อากรสรรพสามิต^zไทย
700 0  อิศรา ศานติศาสน์,^eบรรณาธิการ
710 2  ศูนย์วิจัยและจัดการความรู้เพื่อการควบคุมยาสูบ (ศจย.)
710 2  สำนักงานกองทุนสนับสนุนการสร้างเสริมสุขภาพ (สสส.)
945    ^p0^l0^i023240
945    ^p0^l0^i023241
945    ^p0^l0^i023242
995    ทศพร
999 ^a ทศพร
รายการนี้ยังไม่มีแท็ก
คุณยังไม่ได้ล็อกอิน คุณสามารถมีกิจกรรมร่วมกับเว็บไซต์ได้ แต่ต้องล็อกอินก่อน ::
  ล็อกอิน

รายการสื่อสารสนเทศ

ลำดับที่ ประเภท เลขเรียก/บาร์โค้ด สถานที่ สถานะ
- ไม่พบข้อมูล -

รายการใกล้เคียง
    ผู้แต่ง [ชลธาร วิศรุตวงศ์]

    หัวเรื่อง [วิจัย]

BibComment


ยังไม่เคยถูกคอมเมนท์

คอมเมนท์ทรัพยากรรายการนี้
  คอมเมนท์: การจัดเก็บภาษีสรร..


 Copyright 2026. Bcnsprnw @Library